000 00594nam a2200193 i 4500
001 bgj
100 1 _a[MCCAN, Robert L.]
245 1 0 _aAn Outline of the American Economy /
_c[Robert L. McCan] ; [William H. Peterson].
250 _a[Edition revised and updated].
260 _a[Washington D.C.] :
_bUnited States Information Agency,
_c1991.
300 _a212 pp :
_bill. ;
_c21 cm.
504 _aBibliography p. 209-211.
651 9 _aUnited States
_xEconomy
700 1 _aMCCAN, Robert L.
040 _cBPK
041 _aeng
942 _cKS
008 s uk f |000 0 eng
999 _c47339
_d47339
856 _uhttp://koha.tu.koszalin.pl/cgi-bin/koha/opac-detail.pl?biblionumber=47339
_yKatalog online BPK